LEADER 00790nam 2200265 450 001 996688778203316 005 20251126143425.0 100 $a20251125d1967----km y0itay5003 ba 101 0 $aita 102 $aIT 105 $ay 00 y 200 1 $aNote per uno studio sulla nomenclatura giuridica$fNatalino Irti 210 $aMilano$cGiuffrè$d1967 215 $a15 p.$d25 cm 300 $aEstratto da: Rivista trimestrale di diritto e procedura civile 606 0 $aDiritto$xTerminologia$2BNCF 676 $a340 700 1$aIRTI,$bNatalino$068386 801 0$aIT$bcba$gREICAT 912 $a996688778203316 951 $aXVI.7.Misc. 637$b644 FBUO$cXVI.7.Misc. 959 $aBK 969 $aFBUO 996 $aNote per uno studio sulla nomenclatura giuridica$94457479 997 $aUNISA